The Corporate Security Professional's Handbook on Terrorism : (Record no. 592199)

MARC details
000 -LEADER
fixed length control field 00529nam a2200193 a 4500
008 - FIXED-LENGTH DATA ELEMENTS--GENERAL INFORMATION
fixed length control field 251018s2008##################000#0#eng##
020 ## - INTERNATIONAL STANDARD BOOK NUMBER
ISBN 9780750682572
082 04 - DEWEY DECIMAL CLASSIFICATION NUMBER
Classification number 658.477
Item number HAL
100 1# - MAIN ENTRY--AUTHOR NAME
Personal name Halibozek, Edward P.,
245 10 - TITLE STATEMENT
Title The Corporate Security Professional's Handbook on Terrorism :
260 ## - PUBLICATION, DISTRIBUTION, ETC. (IMPRINT)
Name of publisher Butterworth-Heinemann,
Year of publication 2008.
300 ## - PHYSICAL DESCRIPTION
Number of Pages 261 pages
650 #0 - SUBJECT ADDED ENTRY--TOPICAL TERM
Topical Term Business & Economics.
942 ## - ADDED ENTRY ELEMENTS (KOHA)
Koha item type English Books
Holdings
Withdrawn status Lost status Damaged status Not for loan Home library Current library Shelving location Date acquired Full call number Accession Number Price effective from Koha item type
        Anna Centenary Library Anna Centenary Library 6TH FLOOR, B WING 18.10.2025 658.477 HAL 349812 18.10.2025 English Books

Find us on the map